Economics of development and planning: with special reference to India (Record no. 212035)
[ view plain ]
| 000 -LEADER | |
|---|---|
| fixed length control field | 00708nam a2200241Ia 4500 |
| 003 - CONTROL NUMBER IDENTIFIER | |
| control field | OSt |
| 005 - DATE AND TIME OF LATEST TRANSACTION | |
| control field | 20260227103349.0 |
| 008 - FIXED-LENGTH DATA ELEMENTS--GENERAL INFORMATION | |
| fixed length control field | 210719s2021 xx 000 0 und d |
| 020 ## - INTERNATIONAL STANDARD BOOK NUMBER | |
| International Standard Book Number | 9789389292077 |
| 040 ## - CATALOGING SOURCE | |
| Transcribing agency | AL |
| 041 ## - LANGUAGE CODE | |
| Language code of text/sound track or separate title | eng |
| 082 ## - DEWEY DECIMAL CLASSIFICATION NUMBER | |
| Classification number | 338.9 TANE |
| 100 ## - MAIN ENTRY--PERSONAL NAME | |
| Personal name | Taneja M L |
| 9 (RLIN) | 257039 |
| 245 ## - TITLE STATEMENT | |
| Title | Economics of development and planning: with special reference to India |
| 260 ## - PUBLICATION, DISTRIBUTION, ETC. | |
| Place of publication, distribution, etc. | Delhi |
| Name of publisher, distributor, etc. | Vishal Publishing Co. |
| Date of publication, distribution, etc. | 2021 |
| 300 ## - PHYSICAL DESCRIPTION | |
| Extent | 286+6 |
| Other physical details | PB |
| 365 ## - TRADE PRICE | |
| Price amount | 595 |
| Currency code | Rs |
| 650 ## - SUBJECT ADDED ENTRY--TOPICAL TERM | |
| Topical term or geographic name entry element | Economic Planning |
| 9 (RLIN) | 257040 |
| 650 ## - SUBJECT ADDED ENTRY--TOPICAL TERM | |
| Topical term or geographic name entry element | Economics |
| 9 (RLIN) | 257041 |
| 700 ## - ADDED ENTRY--PERSONAL NAME | |
| Personal name | Myer, R M |
| 9 (RLIN) | 257042 |
| 906 ## - LOCAL DATA ELEMENT F, LDF (RLIN) | |
| a | development ; Economics ; India ; planning ; planning: ; reference ; special ; with |
| 942 ## - ADDED ENTRY ELEMENTS (KOHA) | |
| Source of classification or shelving scheme | Dewey Decimal Classification |
| Koha item type | Book |
| Withdrawn status | Lost status | Source of classification or shelving scheme | Damaged status | Not for loan | Collection code | Home library | Current library | Date acquired | Source of acquisition | Cost, normal purchase price | Total Checkouts | Full call number | Barcode | Date last seen | Date last checked out | Cost, replacement price | Price effective from | Koha item type |
|---|---|---|---|---|---|---|---|---|---|---|---|---|---|---|---|---|---|---|
| Dewey Decimal Classification | Commerce | St Aloysius Library | St Aloysius Library | 03/15/2021 | Sapna Book House Pvt Ltd, K S Rao Road, Mangalore-575001 | General Annual | 595.00 | 2 | 338.9 TANE | 074849 | 10/13/2023 | 10/07/2023 | 476.00 | 07/19/2021 | Book |